000 00609nam a2200217Ia 4500
003 OSt
005 20220928144757.0
006 a|||||r|||| 00| 0
007 ta
008 220927b |||||||| |||| 00| 0 eng d
024 _a76058
037 _cTextual
040 _aSDCL
_cSDCL
_beng
041 _2eng
_aeng
082 _aO15,3D63,3:g(Y), M5
100 _aChakravarty Amita
_9509674
245 0 _aLife and society in ancient India
_b A study on Dandin's dasakumaracarita.
260 _c1985
942 _hO15,3D63,3:g(Y), M5
_cTEXL
_2CC
999 _c829653
_d829653